| 000 | 00426 a2200157 4500 | ||
|---|---|---|---|
| 005 | 20260307145756.0 | ||
| 008 | 250620b |||||||| |||| 00| 0 eng d | ||
| 020 | _a9789355434036 | ||
| 080 |
_a820-4 _bWIE/O |
||
| 100 | _aWiest, Brianna | ||
| 245 | _a101 essays that will change the way you think | ||
| 260 |
_bAmaryllis. _aNoida. _c2016. |
||
| 300 | _a441p. | ||
| 653 | _aEssays-Self Help-English literature | ||
| 942 | _cBK | ||
| 999 |
_c114413 _d114412 |
||